000 00601nam a2200229Ia 4500
003 OSt
005 20220924132807.0
006 a|||||r|||| 00| 0
007 ta
008 220923b |||||||| |||| 00| 0 urd d
024 _a250772
037 _cTextual
040 _aARTS
_cARTS
_burd
041 _2urd
_aurd
082 _aO168,1N207,1, M1
100 _aBashar Mahommad Iftkhar Ahmad
_9205045
245 0 _aTarkah bashar
260 _c1981
650 _aURDU POETRY
942 _hO168,1N207,1, M1
_cTEXL
_2CC
999 _c431606
_d431606